Datum a čas kvízu
20.5
Celkem bodů
Celkový počet nahraných bodů na tomto kvízu bez doplňovacích otázek.
5.
Pořadí na kvízu
Konečné umístění týmu na tomto kvízu.
Zaznamenané odpovědi
| # | Otázka | Odpověď | Body | Výsledky |
|---|---|---|---|---|
| 1. | V pátek bylo překlenuto Labe p... | Pardubice | 0 | |
| 2. | Elon Musk si mimo jiné dal za... | vlastním spermatem | 0 | |
| 3. | V úterý jsme se dozvěděli, že... | Queens of the Stone Age | 1 | |
| 4. | Ve čtvrtek večer musela být ne... | ve Francii | 0 | |
| 5. | Kolikátý mečbol proměnila Barb... | 3. mečbol | 1 | |
| 6. | Které tvrzení o starokladrubsk... | B | 0 | |
| 7. | Jak zní druhové jméno divokého... | (kůň) Převalského | 1 | |
| 8. | Kterým jedenáctipísmenným slov... | hipoterapie | 1 | |
| 9. | Jak se říká nástroji, jenž jak... | udidlo | 0 | |
| 10. | Koně jsou s člověkem spojení j... | Moravskoslezský kraj | 0 |